| 000 | 00578nam a22001817a 4500 | ||
|---|---|---|---|
| 003 | OSt | ||
| 005 | 20260129032203.0 | ||
| 008 | 260129b |||||||| |||| 00| 0 eng d | ||
| 020 | _a971-828-004-9. | ||
| 040 |
_aDWC-Main Lib. _cOC |
||
| 082 | _aFil. 381.83 M598 2000 | ||
| 100 | _aHidalgo, Antonio A. | ||
| 245 |
_aThe milflores guide to philippine shopping malls/ _cAntonio A. Hidalgo |
||
| 260 |
_aQ.C.: _bMilflores Publishing Inc., _cc2000. |
||
| 300 |
_a189 p. ; _c23 cm. |
||
| 650 | _a1. Shopping Malls - Philippines - Guidebooks. | ||
| 942 |
_2ddc _cBK - FIL _hFil. _n0 |
||
| 999 |
_c7939 _d7939 |
||